• 首页
  • 本馆介绍
  • 公告通知
  • 最新文献
  • 馆藏检索
  • 电子资源
  • 读者导购
  • 参考咨询
  • 我的图书馆
  • 登录
  • 详细信息显示
  • 放入我的书架
  • 预约/预借图书
  • 作者相关作品
  • 分类相关作品
  • 丛书相关作品
  • 出版社相关作品

书目信息

  • 表格格式
  • 工作单格式
  • 卡片格式
题名:
有源电力滤波器
    
 
作者: 姜齐荣 , 赵东元 , 陈建业 编著
分册:  
出版信息: 北京   科学出版社  2005
页数: 12,309页
开本: 24cm
丛书名: 高效电能变换应用丛书
单 册:
中图分类: TN713
科图分类:
主题词: 有源滤波器
电子资源:
ISBN: 7-03-015808-3
000 01097oam2 2200301 450
001 012003993389
005 20070805112503.18
009 012003993389
010    @a7-03-015808-3@dCNY35.00
035    @a(110019)012004189245
100    @a20051026d2005 em y0chiy0110 ea
101 0  @achi
102    @aCN@b110000
105    @ay z 000yy
106    @ar
200 1  @a有源电力滤波器@Ayou yuan dian li lu bo qi@e结构·原理·控制@Ejie gou· yuan li· kong zhi@f姜齐荣, 赵东元, 陈建业编著@Fjiang qi rong , zhao dong yuan , chen jian ye bian zhu
210    @a北京@c科学出版社@d2005
215    @a12,309页@d24cm
225 2  @a高效电能变换应用丛书@Agao xiao dian neng bian huan ying yong cong shu
330    @a本书从应用的角度出发,跟踪国内外有源滤波技术的最新进展,介绍了各种有源电力滤波装置的结构、原理和应用实例。
461  0 @12001 @a高效电能变换应用丛书
606 0  @a有源滤波器
690    @aTN713@v4
701  0 @a姜齐荣@Ajiang qi rong@4编著
701  0 @a赵东元@Azhao dong yuan@4编著
701  0 @a陈建业@Achen jian ye@4编著
801  0 @aCN@b110019@c20070805
905    @dTN713@e250@f5
    
    有源电力滤波器:结构·原理·控制/姜齐荣, 赵东元, 陈建业编著.-北京:科学出版社,2005
    12,309页;24cm.-(高效电能变换应用丛书)
    
    
    ISBN 7-03-015808-3:CNY35.00
    本书从应用的角度出发,跟踪国内外有源滤波技术的最新进展,介绍了各种有源电力滤波装置的结构、原理和应用实例。
●
相关链接 在E读中查询图书 在五车中查询图书 在当当中查询图书 在豆瓣中查询图书


正题名:有源电力滤波器     索取号:TN713/250         预约/预借

序号 登录号 条形码 馆藏地/架位号 状态 备注
1 0851448   208514482   第二样本阅览室/ [索取号:TN713/250] 在馆    
2 0851449   208514491   第三借阅区/ [索取号:TN713/250] 在馆    
3 0851450   208514507   第三借阅区/ [索取号:TN713/250] 在馆    
4 0851451   208514516   第三借阅区/ [索取号:TN713/250] 在馆    
5 0851452   208514525   第三借阅区/ [索取号:TN713/250] 在馆    
唐山师范学院图书馆 欢迎您!
大连网信软件有限公司© 版权所有